| 000 | 00716cam a22002294a 4500 | ||
|---|---|---|---|
| 020 | _a1935501011 (hbk.) | ||
| 020 | _a9781935501015 (hbk.) | ||
| 082 | 0 | 0 |
_a355.00954 _bARM _cD |
| 100 | 1 |
_aLovett, Alfred Crowdy, _949466 |
|
| 245 | 1 | 4 |
_aThe armies of India / _cMajor A.C. Lovett. |
| 250 | _aIDR net ed. | ||
| 260 |
_aNew Delhi ; _aFrankfort, IL. : _bLancer, _cc2009 |
||
| 300 |
_a224 p. : _bill., _c19 cm. |
||
| 500 | _a"The Gloucestershire Regiment." | ||
| 500 | _aIncludes index. | ||
| 500 | _aOriginally published: 1911. | ||
| 526 |
_a0 _b0 _c0 _d355_009540000000000_ARM |
||
| 650 |
_aMCE _9379 |
||
| 700 | 1 |
_aMacMunn, George Fletcher, _949467 |
|
| 700 | 1 |
_aMacMunn, George Fletcher, _949467 |
|
| 942 |
_2ddc _cBK |
||
| 999 |
_c552245 _d552245 |
||